000
00318nam a22001457a 4500
003
SGT
020
_a
978-93-85891-80-9
082
_a
610.7362
_b
S16G
100
_a
GUPTE, SURAJ
245
_a
THE SHORT TB. OF PEDIATRICS
250
_a
12TH
260
_a
INDIA
_b
JAYPEE
_c
2016
300
_a
942
942
_2
ddc
_c
BK
_0
5
999
_c
16643
_d
16643